[Event "Valasska Bystrice Open"]
[Site "?"]
[Date "2011.09.12"]
[Round "4.16"]
[White "Belunek, Zdenek"]
[Black "Korinek, Jaroslav"]
[Result "1-0"]
[WhiteElo "1976"]
[BlackElo "1792"]
[PlyCount "95"]
[EventDate "2011.09.10"]

1. e4 c5 2. f4 d6 3. b3 Nc6 4. Bb2 e5 5. Nf3 Bg4 6. fxe5 a6 7. Be2 Bxf3 8. Bxf3
dxe5 9. O-O Bd6 10. Nc3 Nf6 11. Nd5 Nd4 12. Nxf6+ gxf6 13. Bg4 Be7 14. d3 Qb6
15. Rf2 Ne6 16. Qf3 Ng5 17. Qf5 Qe6 18. Qxg5 fxg5 19. Bxe6 fxe6 20. Bxe5 Rf8
21. Raf1 b5 22. g4 a5 23. a4 b4 24. Rf3 Rxf3 25. Rxf3 Bf8 26. Kf2 Ra7 27. Ke3
Rd7 28. c3 bxc3 29. Bxc3 Rb7 30. Bxa5 Rxb3 31. Bc7 Ra3 32. a5 Be7 33. Bb6 c4
34. Kd4 c3 35. Rf2 Bb4 36. Kc4 Bxa5 37. Bxa5 Rxa5 38. Kxc3 Ke7 39. Rf3 h5 40.
gxh5 g4 41. Rg3 Rxh5 42. Rg2 Kd6 43. d4 e5 44. d5 Rh8 45. Rxg4 Rxh2 46. Rg6+
Kd7 47. Re6 Rh3+ 48. Kd2 1-0

[Event "Valasska Bystrice Open"]
[Site "?"]
[Date "2011.09.12"]
[Round "4.17"]
[White "Sabolova, Kristyna"]
[Black "Kozojed, Vlastislav"]
[Result "1-0"]
[WhiteElo "1734"]
[BlackElo "1966"]
[PlyCount "83"]
[EventDate "2011.09.10"]

1. d4 Nf6 2. c4 e6 3. Nc3 b6 4. Nf3 Bb7 5. e3 d5 6. Bd3 dxc4 7. Bxc4 Nbd7 8.
O-O c5 9. b3 cxd4 10. exd4 Bb4 11. Bb2 O-O 12. Qe2 Re8 13. a3 Bxc3 14. Bxc3 Rc8
15. Rac1 Nd5 16. Bb2 N7f6 17. Bb5 Re7 18. Qe5 Rec7 19. Bc4 a6 20. Nd2 Ng4 21.
Qg3 Ngf6 22. Qe5 Qd7 23. h3 Qd8 24. Rfd1 Rc6 25. Nf3 Ne7 26. Qe2 R6c7 27. Ne5
Bd5 28. Re1 Qd6 29. g4 Nc6 30. Qe3 Na5 31. Qd3 Nxc4 32. bxc4 Bb7 33. h4 Nd7 34.
g5 Nxe5 35. Rxe5 f6 36. gxf6 gxf6 37. Re3 Rg7+ 38. Rg3 Rcc7 39. Qe3 Rxg3+ 40.
fxg3 Qc6 41. d5 exd5 42. cxd5 1-0

[Event "Valasska Bystrice Open"]
[Site "?"]
[Date "2011.09.12"]
[Round "4.20"]
[White "Beran, Petr"]
[Black "Horak, Karel"]
[Result "1-0"]
[WhiteElo "2086"]
[BlackElo "1828"]
[PlyCount "59"]
[EventDate "2011.09.10"]

1. Nf3 Nf6 2. d4 g6 3. Bg5 Bg7 4. Nbd2 d6 5. e4 O-O 6. Bc4 Nc6 7. c3 a6 8. O-O
h6 9. Bh4 Rb8 10. b4 Bd7 11. a4 Qe8 12. Re1 e5 13. Qb3 Nh5 14. dxe5 Nxe5 15.
Nxe5 Qxe5 16. Re3 g5 17. Nf3 Qf4 18. Bg3 Nxg3 19. hxg3 Qg4 20. Nd4 Bxd4 21.
cxd4 Rbe8 22. Rae1 b5 23. axb5 axb5 24. Bd3 Qh5 25. e5 g4 26. Qc3 Rc8 27. d5 c6
28. dxc6 Bxc6 29. Qd4 d5 30. e6 1-0

[Event "Valasska Bystrice Open"]
[Site "?"]
[Date "2011.09.12"]
[Round "4.21"]
[White "Koller, Martin"]
[Black "Papan, Cyril"]
[Result "1/2-1/2"]
[WhiteElo "1758"]
[BlackElo "2086"]
[PlyCount "72"]
[EventDate "2011.09.10"]

1. d4 Nf6 2. c4 e6 3. Nc3 Bb4 4. f3 c5 5. d5 e5 6. e4 Bxc3+ 7. bxc3 d6 8. Bd3
h6 9. Ne2 Nbd7 10. O-O g5 11. Qa4 Nh5 12. g3 O-O 13. Kh1 Kh7 14. Qc2 Rg8 15.
Be3 f6 16. f4 Qe8 17. fxg5 hxg5 18. Ng1 Rg6 19. Qf2 Ng7 20. g4 Rh6 21. Nf3 Qg6
22. Kg2 Nb6 23. Qg3 Nxc4 24. Bc1 b5 25. h4 Kg8 26. hxg5 fxg5 27. Bxg5 Rh7 28.
Rh1 Bxg4 29. Bxc4 Bxf3+ 30. Kxf3 Rf8+ 31. Ke3 bxc4 32. Rxh7 Qxh7 33. Rg1 Qh5
34. Bf6 Qh6+ 35. Bg5 Qh5 36. Bf6 Qh6+ 1/2-1/2

[Event "Valasska Bystrice Open"]
[Site "?"]
[Date "2011.09.12"]
[Round "4.22"]
[White "Drabek, Miloslav"]
[Black "Folta, Frantisek"]
[Result "1/2-1/2"]
[WhiteElo "2005"]
[BlackElo "1816"]
[PlyCount "58"]
[EventDate "2011.09.10"]

1. d4 Nf6 2. Nf3 g6 3. c4 Bg7 4. Nc3 O-O 5. g3 d6 6. Bg2 Na6 7. O-O c5 8. h3
Rb8 9. e4 Be6 10. b3 Bd7 11. Be3 Qc8 12. e5 Ne8 13. Nd5 Qd8 14. a4 Nec7 15. Nc3
Qc8 16. Kh2 b6 17. Rc1 Nb4 18. exd6 exd6 19. Bf4 Rd8 20. Ne4 Ne8 21. Qd2 Bf5
22. Rfe1 Bxe4 23. Rxe4 Nf6 24. Re7 Rb7 25. Rxb7 Qxb7 26. Ng5 Qd7 27. Re1 h6 28.
Nf3 g5 29. Be3 Ne4 1/2-1/2

[Event "Valasska Bystrice Open"]
[Site "?"]
[Date "2011.09.12"]
[Round "4.24"]
[White "Veselsky, Frantisek"]
[Black "Vaculik, Jakub"]
[Result "0-1"]
[WhiteElo "1979"]
[BlackElo "1783"]
[PlyCount "70"]
[EventDate "2011.09.10"]

1. e4 e5 2. Nf3 Nc6 3. d4 exd4 4. Nxd4 Bc5 5. Nb3 Bb6 6. Nc3 d6 7. Qe2 Nge7 8.
Bg5 f6 9. Bd2 Be6 10. g3 O-O 11. O-O-O Ne5 12. Bg2 a5 13. Be3 Bxe3+ 14. Qxe3
Nc4 15. Qe2 Bf7 16. Nd5 b5 17. Nd4 c6 18. Nxe7+ Qxe7 19. Nxc6 Qc7 20. Nd4 Rab8
21. Kb1 b4 22. f4 a4 23. Qd3 a3 24. b3 Nb2 25. Qd2 Nxd1 26. Rxd1 Rfd8 27. h4 d5
28. Qd3 dxe4 29. Bxe4 h6 30. Kc1 Qc3 31. Qxc3 bxc3 32. Nc6 Rxd1+ 33. Kxd1 Re8
34. Bf3 Bg6 35. Nd4 Rd8 0-1

[Event "Valasska Bystrice Open"]
[Site "?"]
[Date "2011.09.12"]
[Round "4.25"]
[White "Rucka, Petr"]
[Black "Oktavec, Ivan"]
[Result "1-0"]
[WhiteElo "1942"]
[BlackElo "1713"]
[PlyCount "57"]
[EventDate "2011.09.10"]

1. e4 e6 2. d4 d5 3. Nc3 dxe4 4. Nxe4 Nd7 5. Nf3 Ngf6 6. Ng3 b6 7. Bd3 Bb7 8.
Qe2 Be7 9. O-O O-O 10. Ne5 c5 11. c3 Rc8 12. Be3 Nd5 13. Nxd7 Qxd7 14. Rad1 Qc7
15. Qh5 Nf6 16. Qh3 Bd6 17. Bg5 Ne4 18. Bxe4 Bxe4 19. Nxe4 Be7 20. Bxe7 Qxe7
21. dxc5 bxc5 22. Qg3 Rfd8 23. Qe3 a5 24. Rxd8+ Qxd8 25. Nxc5 Qb6 26. Nb3 Qb5
27. Qd2 Kf8 28. Rd1 Ke8 29. Nxa5 1-0

[Event "Valasska Bystrice Open"]
[Site "?"]
[Date "2011.09.12"]
[Round "4.27"]
[White "Sramek, Josef"]
[Black "Parak, Frantisek"]
[Result "1/2-1/2"]
[WhiteElo "2142"]
[BlackElo "1758"]
[PlyCount "52"]
[EventDate "2011.09.10"]

1. e4 c5 2. Nf3 e6 3. d4 cxd4 4. Nxd4 Nf6 5. Nc3 a6 6. Bd3 Qc7 7. O-O d6 8. Be3
Be7 9. f4 Nbd7 10. g4 h6 11. Qf3 Nc5 12. Rae1 Nxd3 13. cxd3 O-O 14. Qh3 Nh7 15.
Rf3 Qd8 16. Ref1 Bd7 17. Kh1 Rc8 18. f5 Bg5 19. fxe6 fxe6 20. Rxf8+ Nxf8 21.
Bxg5 Qxg5 22. Qf3 Qe7 23. Qg3 Nh7 24. Nde2 Rf8 25. Rxf8+ Qxf8 26. Kg2 Ng5
1/2-1/2

[Event "Valasska Bystrice Open"]
[Site "?"]
[Date "2011.09.12"]
[Round "4.28"]
[White "Romanek, Zdenek"]
[Black "Tejkal, Jiri"]
[Result "0-1"]
[WhiteElo "1722"]
[BlackElo "1978"]
[PlyCount "70"]
[EventDate "2011.09.10"]

1. d4 d5 2. c4 c6 3. Nc3 Nf6 4. e3 Bf5 5. Qb3 Qb6 6. Qxb6 axb6 7. cxd5 cxd5 8.
Bb5+ Nc6 9. Nf3 e6 10. a3 Bd6 11. O-O O-O 12. Bd2 Na5 13. Na4 Nb3 14. Nxb6 Ra7
15. Ra2 Ne4 16. Be1 Bc7 17. Na4 Nd6 18. Nc3 Rc8 19. Ba4 Nc1 20. Ra1 Nd3 21. Bc2
Nc4 22. Bd2 Ncxb2 23. Bc1 Bxh2+ 24. Kxh2 Rxc3 25. Bxd3 Nxd3 26. Nh4 h6 27. Nxf5
exf5 28. Kg3 f4+ 29. Kf3 fxe3 30. fxe3 Rc2 31. g3 Ra6 32. Kg4 Nf2+ 33. Kh4 Rg6
34. Rxf2 Rxf2 35. Kh3 Rf3 0-1

[Event "Valasska Bystrice Open"]
[Site "?"]
[Date "2011.09.12"]
[Round "4.29"]
[White "Plasek, Radim"]
[Black "Matas, Stanislav"]
[Result "1-0"]
[WhiteElo "1957"]
[BlackElo "1764"]
[PlyCount "103"]
[EventDate "2011.09.10"]

1. e4 c5 2. Nf3 Nc6 3. c3 d5 4. e5 Bg4 5. Bb5 e6 6. d4 cxd4 7. Qa4 Nge7 8. Nxd4
Qc7 9. O-O a6 10. Bg5 Rc8 11. Bxc6+ bxc6 12. Qxa6 h6 13. Bf4 Ng6 14. Bg3 Be7
15. h3 Bh5 16. Bh2 Nf8 17. c4 Bc5 18. Nb3 Nd7 19. cxd5 cxd5 20. Rc1 O-O 21.
Nxc5 Nxc5 22. Qa3 Qb6 23. Nd2 Bg6 24. Rc3 Ne4 25. Nxe4 Bxe4 26. b4 Ra8 27. Qb2
Rfb8 28. a3 Kh7 29. Bf4 Qd4 30. Qc1 Rb7 31. Qe1 Bxg2 32. Be3 Qe4 33. Bc5 Bh1
34. Qxe4+ Bxe4 35. a4 Kg6 36. a5 Kf5 37. a6 Rb5 38. Bd6 d4 39. Rc7 d3 40. a7 d2
41. Rd1 Rd5 42. b5 Bf3 43. Rxf7+ Ke4 44. Rxf3 Kxf3 45. b6 Ke2 46. Rxd2+ Rxd2
47. b7 Rd1+ 48. Kg2 Rxa7 49. b8=Q Rf7 50. Qb5+ Rd3 51. Bc5 Rf5 52. Be3 1-0

[Event "Valasska Bystrice Open"]
[Site "?"]
[Date "2011.09.12"]
[Round "4.30"]
[White "Ambros, Zdenek"]
[Black "Prokopova, Jirina"]
[Result "1-0"]
[WhiteElo "1888"]
[BlackElo "1709"]
[PlyCount "45"]
[EventDate "2011.09.10"]

1. Nf3 e6 2. d4 d5 3. c4 c5 4. Nc3 Nc6 5. e3 Nf6 6. Bd3 Bd6 7. O-O O-O 8. a3 a6
9. dxc5 Bxc5 10. b4 Ba7 11. Bb2 Qc7 12. Rc1 Rd8 13. Qc2 dxc4 14. Bxc4 b5 15.
Nxb5 axb5 16. Bxb5 Bb7 17. Bxc6 Rac8 18. b5 Ng4 19. Qe4 f5 20. Qxe6+ Kh8 21.
Bxb7 Qxb7 22. Rxc8 Rxc8 23. h3 1-0

[Event "Valasska Bystrice Open"]
[Site "?"]
[Date "2011.09.12"]
[Round "4.31"]
[White "Perik, Alois"]
[Black "Vinklarek, Robert"]
[Result "0-1"]
[WhiteElo "1861"]
[BlackElo "1685"]
[PlyCount "32"]
[EventDate "2011.09.10"]

1. c4 e5 2. Nc3 Nc6 3. g3 Bc5 4. Bg2 Nf6 5. e3 d6 6. Nge2 Bg4 7. O-O Qd7 8. Re1
O-O 9. b3 Rae8 10. Bb2 e4 11. Qb1 Ne5 12. Nxe4 Nxe4 13. Bxe4 Nf3+ 14. Bxf3 Bxf3
15. Nd4 Bxd4 16. exd4 Qh3 0-1

[Event "Valasska Bystrice Open"]
[Site "?"]
[Date "2011.09.12"]
[Round "4.32"]
[White "Klima, Martin"]
[Black "Badacova, Irena"]
[Result "1/2-1/2"]
[WhiteElo "1655"]
[BlackElo "1856"]
[PlyCount "23"]
[EventDate "2011.09.10"]

1. c4 c5 2. Nc3 Nf6 3. Nf3 Nc6 4. d4 cxd4 5. Nxd4 d6 6. e4 g6 7. Be2 Bg7 8. Be3
O-O 9. O-O Bd7 10. Rb1 a5 11. f4 e5 12. Ndb5 1/2-1/2

[Event "Valasska Bystrice Open"]
[Site "?"]
[Date "2011.09.12"]
[Round "4.37"]
[White "Novak, Zdenek"]
[Black "Kamarad, Frantisek"]
[Result "1/2-1/2"]
[WhiteElo "1853"]
[BlackElo "1577"]
[PlyCount "114"]
[EventDate "2011.09.10"]

1. Nf3 Nc6 2. d4 d5 3. c4 Bg4 4. e3 e5 5. dxe5 Nxe5 6. Nbd2 dxc4 7. Bxc4 Bxf3
8. gxf3 Nf6 9. Qb3 a5 10. f4 Nxc4 11. Qxc4 Qd5 12. Qxd5 Nxd5 13. a3 b5 14. Nf3
a4 15. Bd2 f5 16. O-O c5 17. Rfe1 Nf6 18. Nh4 Ne4 19. Rad1 Nxd2 20. Rxd2 g6 21.
Nf3 Rd8 22. Rxd8+ Kxd8 23. Ne5 Kc7 24. Rd1 Kc8 25. Rd5 Be7 26. Rd7 Bf6 27. Ra7
Rd8 28. Ra8+ Kb7 29. Rxd8 Bxd8 30. Kf1 b4 31. Ke2 bxa3 32. bxa3 Kb6 33. Kd3 Kb5
34. Nc4 Bh4 35. f3 g5 36. Nd6+ Kc6 37. Nxf5 Be1 38. fxg5 Kd5 39. e4+ Ke5 40.
Ne3 Bh4 41. Nc4+ Kf4 42. g6 hxg6 43. Ke2 Be7 44. Nb6 Bf8 45. Nxa4 c4 46. Nc3
Bxa3 47. Nd5+ Ke5 48. Kd2 Bb2 49. Nb6 c3+ 50. Kc2 Kd4 51. Na4 Ba3 52. Nxc3 Ke3
53. Nb1 Bb4 54. Nc3 Kxf3 55. Nd5 Bd6 56. Kd3 Bxh2 57. Ne7 g5 1/2-1/2

[Event "Valasska Bystrice Open"]
[Site "?"]
[Date "2011.09.12"]
[Round "4.39"]
[White "Glacner, Karel"]
[Black "Ruzicka, Vaclav"]
[Result "1-0"]
[WhiteElo "1669"]
[BlackElo "1743"]
[PlyCount "61"]
[EventDate "2011.09.10"]

1. Nf3 Nf6 2. d4 e6 3. Bg5 h6 4. Bh4 d5 5. c4 Bb4+ 6. Nbd2 O-O 7. a3 Be7 8. c5
b6 9. b4 bxc5 10. bxc5 c6 11. e3 Ne4 12. Bxe7 Qxe7 13. Bd3 f5 14. Ne5 Kh7 15.
O-O a5 16. f4 Bd7 17. Rf3 Be8 18. Rh3 Nf6 19. g4 Nfd7 20. Ndf3 Nxe5 21. Nxe5 g6
22. Ra2 Rg8 23. Rg2 Ra7 24. Qf3 Rc7 25. Qg3 Bf7 26. gxf5 exf5 27. Bxf5 gxf5 28.
Rxh6+ Kxh6 29. Qh3+ Bh5 30. Rxg8 Qh7 31. Rg5 1-0

[Event "Valasska Bystrice Open"]
[Site "?"]
[Date "2011.09.12"]
[Round "4.40"]
[White "Kovarik, Matyas"]
[Black "Vlachopulos, Elefteris"]
[Result "0-1"]
[WhiteElo "1553"]
[BlackElo "1735"]
[PlyCount "162"]
[EventDate "2011.09.10"]

1. e4 c5 2. Nc3 d6 3. g3 Nc6 4. Bg2 g6 5. f4 Bg7 6. d3 Qc7 7. Nf3 a6 8. Nd5 Qd8
9. Rb1 e6 10. Ne3 Qa5+ 11. Bd2 Qc7 12. O-O Nge7 13. Qe1 O-O 14. Bc3 Nd4 15. Qf2
b5 16. a3 Bb7 17. Bd2 a5 18. Qe1 b4 19. a4 d5 20. e5 h5 21. b3 Rac8 22. Rc1 Qb6
23. Kh1 Rc7 24. g4 Nxf3 25. Bxf3 hxg4 26. Nxg4 Nf5 27. Qf2 Ba8 28. Be3 d4 29.
Bd2 Qb8 30. Bxa8 Qxa8+ 31. Qf3 Qd8 32. Qh3 Qe7 33. Be1 Rcc8 34. Bd2 Rfe8 35.
Be1 Kf8 36. Kg1 Qd8 37. Kh1 Qd5+ 38. Qf3 Qxf3+ 39. Rxf3 Ke7 40. Rh3 Rh8 41.
Rxh8 Rxh8 42. Bf2 Rh5 43. Kg2 g5 44. fxg5 Rxg5 45. Kf3 Rh5 46. Bg3 Nxg3 47.
hxg3 Bxe5 48. Nxe5 Rxe5 49. Rh1 Rd5 50. Rh8 Rd8 51. Rxd8 Kxd8 52. Kf4 Ke7 53.
Ke5 f6+ 54. Kf4 Kf7 55. Kf3 Kg6 56. Kg4 e5 57. Kf3 f5 58. g4 f4 59. Kg2 Kg5 60.
Kh3 Kg6 61. Kg2 Kf6 62. Kh2 Kg5 63. Kh3 f3 64. Kg3 f2 65. Kxf2 Kxg4 66. Kg2 Kf4
67. Kf2 e4 68. dxe4 Kxe4 69. Ke2 Ke5 70. Ke1 Kd5 71. Kd2 c4 72. bxc4+ Kxc4 73.
Kc1 Kc3 74. Kb1 d3 75. Kc1 Kc4 76. Kd2 dxc2 77. Kxc2 b3+ 78. Kb2 Kb4 79. Ka1
Kxa4 80. Kb2 Kb4 81. Kb1 a4 0-1

[Event "Valasska Bystrice Open"]
[Site "?"]
[Date "2011.09.12"]
[Round "4.45"]
[White "Mlady, Pavel"]
[Black "Capil, Dalibor"]
[Result "1/2-1/2"]
[WhiteElo "1429"]
[BlackElo "1461"]
[PlyCount "37"]
[EventDate "2011.09.10"]

1. e4 c5 2. Nc3 d6 3. g3 Nc6 4. Bg2 Nf6 5. d3 g6 6. f4 Bg4 7. Nf3 Bg7 8. h3
Bxf3 9. Bxf3 O-O 10. Ne2 Nd7 11. c3 e6 12. Be3 Rb8 13. g4 Qe8 14. Qd2 f5 15.
gxf5 exf5 16. exf5 Rxf5 17. Bg4 Rf7 18. O-O-O Bh6 19. Kb1 1/2-1/2

[Event "Valasska Bystrice Open"]
[Site "?"]
[Date "2011.09.13"]
[Round "5.1"]
[White "Obsivac, Josef"]
[Black "Volodin, Viktor"]
[Result "1-0"]
[WhiteElo "2274"]
[BlackElo "2210"]
[PlyCount "83"]
[EventDate "2011.09.10"]

1. d4 d5 2. c4 e6 3. Nc3 Nf6 4. Bg5 Be7 5. Nf3 O-O 6. Rc1 c6 7. e3 Nbd7 8. Bd3
dxc4 9. Bxc4 Nd5 10. Bxe7 Qxe7 11. O-O b6 12. Ne4 Bb7 13. Qe2 Rac8 14. Ba6 Bxa6
15. Qxa6 Nb8 16. Qa4 f6 17. h3 Rc7 18. a3 a5 19. Rc2 Kh8 20. Rfc1 Rfc8 21. Nc3
g5 22. g3 Qg7 23. Qb3 Nd7 24. e4 g4 25. exd5 gxf3 26. dxe6 Nf8 27. Re1 Qh6 28.
Kh2 Ng6 29. Ne4 f5 30. Nd6 Nf4 31. Qxf3 Nxh3 32. Kg2 Ng5 33. Qxf5 Rf8 34. Qg4
Re7 35. Nf5 Qg6 36. Nxe7 Qxc2 37. Re2 Qd3 38. Nxc6 Rf3 39. Ne5 Qxe2 40. Nxf3
Nxf3 41. Qxf3 Qxe6 42. Qf8+ 1-0

[Event "Valasska Bystrice Open"]
[Site "?"]
[Date "2011.09.13"]
[Round "5.2"]
[White "Parak, Dominik"]
[Black "Karlik, Vladimir"]
[Result "0-1"]
[WhiteElo "2160"]
[BlackElo "2286"]
[PlyCount "110"]
[EventDate "2011.09.10"]

1. e4 c5 2. Nf3 Nc6 3. d4 cxd4 4. Nxd4 g6 5. Nc3 Bg7 6. Be3 Nf6 7. Be2 O-O 8.
O-O d5 9. exd5 Nb4 10. d6 Qxd6 11. Ncb5 Qb8 12. c4 Nc6 13. h3 a6 14. Nc3 Nxd4
15. Bxd4 Rd8 16. Nd5 Nxd5 17. Bxg7 Kxg7 18. cxd5 Be6 19. Qd4+ Kg8 20. Qb4 Bxd5
21. Rfd1 Qe5 22. Re1 Qf6 23. Bf1 e6 24. Qb6 Rac8 25. Rac1 Qf4 26. Rc3 Qg5 27.
Rc7 Rxc7 28. Qxc7 Bc6 29. Qb6 Rd2 30. a3 Qd5 31. Qb4 Qd4 32. Qxd4 Rxd4 33. b4
Rd2 34. Ra1 Rb2 35. g3 Kg7 36. Bg2 Bxg2 37. Kxg2 Rb3 38. h4 h5 39. Ra2 Kf6 40.
Kf1 b5 41. Ke2 Kf5 42. Kd2 Kg4 43. Ke2 e5 44. Ra1 f5 45. a4 Rxb4 46. axb5 axb5
47. Ra6 Rb2+ 48. Ke3 f4+ 49. Ke4 Re2+ 50. Kd3 Kf3 51. Rxg6 Kxf2 52. g4 hxg4 53.
Rxg4 Re3+ 54. Kd2 Rh3 55. Rg5 e4 0-1

[Event "Valasska Bystrice Open"]
[Site "?"]
[Date "2011.09.13"]
[Round "5.3"]
[White "Vrana, Frantisek"]
[Black "Balacek, Tadeas"]
[Result "1/2-1/2"]
[WhiteElo "2249"]
[BlackElo "2245"]
[PlyCount "96"]
[EventDate "2011.09.10"]

1. d4 Nf6 2. c4 g6 3. Nc3 Bg7 4. e4 d6 5. Bg5 h6 6. Be3 Ng4 7. Bc1 c5 8. d5 Bd4
9. Nh3 Nf6 10. Qd3 Na6 11. Ne2 Nb4 12. Qb3 Bxh3 13. Nxd4 Nxe4 14. gxh3 Qa5 15.
Nf3 Nc2+ 16. Ke2 Nxa1 17. Qd3 f5 18. Qb1 Qa4 19. b3 Nc3+ 20. Kd3 Qxa2 21. Qxa2
Nxa2 22. Bb2 Nb4+ 23. Ke2 Nxb3 24. Bxh8 a5 25. Nd2 a4 26. Bg2 Kf7 27. Bc3 Na2
28. Kd3 Nbc1+ 29. Kc2 Ne2 30. Nb1 a3 31. Ba1 Nb4+ 32. Kb3 a2 33. Nd2 Nf4 34.
Bf1 e6 35. dxe6+ Kxe6 36. Rg1 b5 37. cxb5 d5 38. Rg3 g5 39. h4 g4 40. Re3+ Kd7
41. b6 Kc6 42. Re5 Rf8 43. Re7 Kxb6 44. Rh7 h5 45. Rh6+ Ka7 46. Rh7+ Kb6 47.
Rh6+ Ka7 48. Rh7+ Kb6 1/2-1/2

[Event "Valasska Bystrice Open"]
[Site "?"]
[Date "2011.09.13"]
[Round "5.4"]
[White "Simek, Jiri"]
[Black "Cagasik, Tomas"]
[Result "0-1"]
[WhiteElo "2058"]
[BlackElo "2296"]
[PlyCount "50"]
[EventDate "2011.09.10"]

1. e4 d5 2. exd5 Qxd5 3. Nc3 Qd6 4. d4 Nf6 5. Nf3 a6 6. Bd3 Nbd7 7. O-O b5 8.
Ne4 Nxe4 9. Bxe4 Rb8 10. Re1 Nf6 11. Bd3 Bb7 12. c3 e6 13. a4 b4 14. Bg5 Be7
15. Bh4 bxc3 16. bxc3 O-O 17. Ne5 Nd5 18. Bxe7 Qxe7 19. Qd2 Rfd8 20. Be4 c5 21.
c4 Nf6 22. Bxb7 Qxb7 23. Nf3 cxd4 24. Nxd4 e5 25. Rxe5 Qd7 0-1

[Event "Valasska Bystrice Open"]
[Site "?"]
[Date "2011.09.13"]
[Round "5.5"]
[White "Riska, Lubomir"]
[Black "Horak, Karel"]
[Result "1/2-1/2"]
[WhiteElo "2232"]
[BlackElo "2051"]
[PlyCount "81"]
[EventDate "2011.09.10"]

1. Nf3 b5 2. e3 a6 3. d4 Bb7 4. Bd3 Nf6 5. Nbd2 e6 6. O-O c5 7. c3 Nc6 8. a4 c4
9. Bb1 Be7 10. e4 d6 11. b3 b4 12. bxc4 bxc3 13. Nb3 Nb4 14. Ba3 c2 15. Bxc2
Nxc2 16. Qxc2 Bxe4 17. Qe2 O-O 18. Nfd2 Bg6 19. Rfc1 Rb8 20. c5 dxc5 21. Bxc5
Bxc5 22. dxc5 Bd3 23. Qf3 Qd5 24. Qxd5 Nxd5 25. c6 Rfc8 26. Nc5 Nf4 27. Nxd3
Nxd3 28. Rc3 Nb4 29. Rb1 a5 30. Rc5 Rb6 31. Rxa5 Nxc6 32. Rxb6 Nxa5 33. Kf1 Kf8
34. Rb5 Nc4 35. Nb3 Rc7 36. Ke2 Ke7 37. Rc5 Rb7 38. Rxc4 Rxb3 39. Rc7+ Kf6 40.
a5 Ra3 41. Ra7 1/2-1/2

[Event "Valasska Bystrice Open"]
[Site "?"]
[Date "2011.09.13"]
[Round "5.6"]
[White "Jasny, Stanislav"]
[Black "Cizinsky, Petr"]
[Result "0-1"]
[WhiteElo "1858"]
[BlackElo "2178"]
[PlyCount "154"]
[EventDate "2011.09.10"]

1. e4 c5 2. Nf3 d6 3. Bb5+ Bd7 4. a4 Nc6 5. O-O e6 6. d3 Nf6 7. Nc3 Be7 8. Re1
O-O 9. h3 a6 10. Bxc6 Bxc6 11. Be3 d5 12. e5 Nd7 13. d4 Qb6 14. b3 Rac8 15. Ne2
cxd4 16. Bxd4 Qc7 17. c3 b5 18. axb5 Bxb5 19. b4 Qc4 20. Ng3 Bd8 21. Re3 Bb6
22. Bxb6 Nxb6 23. Nd4 Qc7 24. Nxb5 axb5 25. Qd4 Na4 26. Qg4 Kh8 27. Rf1 Qc4 28.
Qxc4 Rxc4 29. Ne2 Rfc8 30. Ra1 h6 31. Ra3 d4 32. cxd4 Rxb4 33. Rab3 Rcc4 34. f4
Nb6 35. g3 Nd5 36. Red3 Rxb3 37. Rxb3 Rc2 38. Kf2 b4 39. Kf3 Kg8 40. g4 Rd2 41.
f5 Kf8 42. h4 Ke8 43. h5 Kd7 44. f6 gxf6 45. exf6 Ke8 46. g5 hxg5 47. h6 g4+
48. Kf2 Nxf6 49. Rxb4 Rd3 50. Rb8+ Ke7 51. Rb7+ Kf8 52. Rb8+ Ne8 53. Ng3 Rf3+
54. Kg2 Rf6 55. Ne4 Rxh6 56. Nd6 Ke7 57. Ne4 Nd6 58. Nf2 f5 59. Kg3 Kd7 60. Kf4
Kc6 61. Nd3 Rh1 62. Ne5+ Kd5 63. Rd8 Rf1+ 64. Ke3 Re1+ 65. Kf2 Rxe5 66. dxe5
Kxe5 67. Kg2 Ne4 68. Re8 f4 69. Ra8 f3+ 70. Kg1 g3 71. Ra6 Kf5 72. Ra8 Ng5 73.
Rh8 e5 74. Kh1 e4 75. Kg1 Kf4 76. Rh4+ Ke3 77. Rh5 Ke2 0-1

[Event "Valasska Bystrice Open"]
[Site "?"]
[Date "2011.09.13"]
[Round "5.7"]
[White "Mrva, Vladimir"]
[Black "Maly, Marek"]
[Result "1/2-1/2"]
[WhiteElo "2157"]
[BlackElo "1996"]
[PlyCount "51"]
[EventDate "2011.09.10"]

1. e4 e6 2. d4 d5 3. exd5 exd5 4. Bd3 c5 5. c3 Nf6 6. Ne2 Be7 7. h3 Nc6 8. Nd2
O-O 9. O-O cxd4 10. cxd4 Be6 11. Nf3 Qc8 12. Ng3 Bd6 13. Bg5 Ne8 14. Qb1 g6 15.
Bh6 Ng7 16. a3 Re8 17. Re1 Qc7 18. Ne2 Qd7 19. Bf4 Bf5 20. Bxd6 Qxd6 21. Qc2
Qf6 22. Bxf5 Nxf5 23. Qd2 Re4 24. Nc3 Rxe1+ 25. Rxe1 Rd8 26. Qf4 1/2-1/2

[Event "Valasska Bystrice Open"]
[Site "?"]
[Date "2011.09.13"]
[Round "5.8"]
[White "Vorobyov, Yrij"]
[Black "Belunek, Zdenek"]
[Result "1-0"]
[WhiteElo "2155"]
[BlackElo "1976"]
[PlyCount "37"]
[EventDate "2011.09.10"]

1. Nf3 d5 2. g3 g6 3. c4 e6 4. Bg2 Bg7 5. O-O Nf6 6. Qc2 O-O 7. b4 Nbd7 8. Bb2
Nb6 9. d3 Bd7 10. a4 dxc4 11. dxc4 Bc6 12. Nbd2 Rb8 13. e4 Nc8 14. b5 Bd7 15.
e5 Ng4 16. h3 Nh6 17. Ne4 b6 18. Rfd1 Qe8 19. Qd2 1-0

[Event "Valasska Bystrice Open"]
[Site "?"]
[Date "2011.09.13"]
[Round "5.9"]
[White "Moravec, Vit"]
[Black "Alfimov, Igor"]
[Result "1-0"]
[WhiteElo "2144"]
[BlackElo "1888"]
[PlyCount "101"]
[EventDate "2011.09.10"]

1. e4 e5 2. f4 d5 3. exd5 c6 4. Qe2 cxd5 5. fxe5 Nc6 6. Nf3 Bg4 7. Qf2 Bxf3 8.
Qxf3 Nxe5 9. Bb5+ Nc6 10. O-O Nf6 11. d4 Be7 12. Bxc6+ bxc6 13. Qg3 O-O 14. Bh6
Nh5 15. Qg4 Qd6 16. Qxh5 gxh6 17. Nd2 Qg6 18. Qf5 Rae8 19. Qxg6+ hxg6 20. Nf3
Bd6 21. Rfe1 Rb8 22. b3 Rfe8 23. Rxe8+ Rxe8 24. Re1 Rxe1+ 25. Nxe1 Bb4 26. Nf3
f6 27. Kf2 g5 28. Ng1 Kf7 29. Ne2 Bd2 30. g4 f5 31. gxf5 Kf6 32. Kf3 Kxf5 33.
Ng3+ Kg6 34. h3 Bf4 35. Ne2 Kf5 36. Nxf4 gxf4 37. h4 a6 38. b4 Kg6 39. Kxf4 Kf6
40. Kg4 Kg6 41. Kg3 Kf5 42. Kf3 Kf6 43. Kf4 Ke6 44. a4 Kf6 45. a5 Ke6 46. Ke3
Kf5 47. Kd3 Kg4 48. c4 dxc4+ 49. Kxc4 Kxh4 50. d5 cxd5+ 51. Kxd5 1-0

[Event "Valasska Bystrice Open"]
[Site "?"]
[Date "2011.09.13"]
[Round "5.10"]
[White "Juricek, Stanislav"]
[Black "Sabolova, Kristyna"]
[Result "1-0"]
[WhiteElo "2131"]
[BlackElo "1734"]
[PlyCount "25"]
[EventDate "2011.09.10"]

1. e4 c6 2. d3 d5 3. Nd2 e5 4. Ngf3 Bd6 5. g3 Ne7 6. Bg2 O-O 7. O-O f5 8. Qe2
Qc7 9. b3 fxe4 10. dxe4 Bg4 11. c4 d4 12. c5 Bxf3 13. Nxf3 1-0

[Event "Valasska Bystrice Open"]
[Site "?"]
[Date "2011.09.13"]
[Round "5.11"]
[White "Michalcak, Lubomir"]
[Black "Rucka, Petr"]
[Result "1-0"]
[WhiteElo "2100"]
[BlackElo "1942"]
[PlyCount "81"]
[EventDate "2011.09.10"]

1. d4 Nf6 2. c4 g6 3. Nc3 Bg7 4. e4 d6 5. Be2 O-O 6. Nf3 e5 7. O-O Nc6 8. d5
Ne7 9. b4 Ne8 10. a4 h6 11. c5 f5 12. Nd2 Nf6 13. cxd6 cxd6 14. b5 f4 15. Ba3
g5 16. h3 Ng6 17. Nc4 Ne8 18. f3 Rf7 19. Rc1 Bf8 20. Qb3 h5 21. Nd1 Rg7 22. Nf2
Nh4 23. Bb4 Qf6 24. Qa3 Rh7 25. Rc2 Ng6 26. Rfc1 Rb8 27. Nxe5 Nxe5 28. Rxc8
Rxc8 29. Rxc8 Qg6 30. Nd3 Nd7 31. e5 Nb6 32. Rc1 Nxd5 33. Bxd6 Bxd6 34. exd6
Qxd6 35. Qxd6 Nxd6 36. Rc5 Ne3 37. Rxg5+ Kf8 38. Nxf4 Ndf5 39. Bd3 Rf7 40. Rxh5
Ng3 41. Ng6+ 1-0

[Event "Valasska Bystrice Open"]
[Site "?"]
[Date "2011.09.13"]
[Round "5.12"]
[White "Kunc, Miroslav"]
[Black "Jurca, Marek"]
[Result "1-0"]
[WhiteElo "2094"]
[BlackElo "1865"]
[PlyCount "45"]
[EventDate "2011.09.10"]

1. e4 c6 2. d4 d5 3. exd5 cxd5 4. c4 Nf6 5. Nc3 e6 6. Nf3 dxc4 7. Bxc4 Be7 8.
O-O O-O 9. Ne5 Nbd7 10. Bg5 Nb6 11. Bb3 a6 12. Qd3 h6 13. Bh4 Nbd5 14. f4 Qa5
15. g4 Nb4 16. Qf3 Nfd5 17. Bf2 Rd8 18. g5 g6 19. gxh6 Bf6 20. a3 Nc6 21. Ne4
Bxe5 22. fxe5 Nde7 23. h7+ 1-0